|
|
|
|
| LEADER |
00000nam0a2200000 4500 |
| 001 |
351491 |
| 005 |
20231102010417.0 |
| 035 |
|
|
|a (RuTPU)RU\TPU\retro\6540
|
| 090 |
|
|
|a 351491
|
| 100 |
|
|
|a 20190606d1984 m y0rusy50 ca
|
| 101 |
0 |
|
|a rus
|
| 102 |
|
|
|a RU
|
| 105 |
|
|
|a a z 001zy
|
| 200 |
1 |
|
|a Николай Михайлович Ромадин
|e [альбом]
|f О. В. Рожнова
|
| 205 |
|
|
|a 2-е изд.
|
| 210 |
|
|
|a Ленинград
|c Художник РСФСР
|d 1984
|
| 215 |
|
|
|a 150 с.
|c ил.
|
| 320 |
|
|
|a Библиогр.: с. 188
|
| 600 |
|
1 |
|a Ромадин
|b Н. М.
|c советский живописец, пейзажист
|f 1903-1987
|g Николай Михайлович
|2 stltpush
|3 (RuTPU)RU\TPU\pers\43858
|
| 606 |
1 |
|
|a Живописцы
|2 stltpush
|3 (RuTPU)RU\TPU\subj\10834
|9 37852
|
| 606 |
1 |
|
|a Пейзажная живопись
|2 stltpush
|3 (RuTPU)RU\TPU\subj\48429
|9 67299
|
| 610 |
1 |
|
|a изобразительное искусство
|
| 610 |
1 |
|
|a пейзажи
|
| 610 |
1 |
|
|a репродукции
|
| 610 |
1 |
|
|a творчество
|
| 675 |
|
|
|a 75.071
|v 4
|
| 675 |
|
|
|a 75.047
|v 4
|
| 700 |
|
1 |
|a Рожнова
|b О. В.
|g Ольга Всеволодовна
|
| 801 |
|
1 |
|a RU
|b 63413507
|c 20190606
|
| 942 |
|
|
|c BK
|